000
00251nam a2200097Ia 4500
001
683729
005
20250826161444.0
008
250824s9999 xx 000 0 und d
245
0
_a
BÖLÜK PÖRÇÜK YAŞAMLAR
_c
ANNE MICHAELS
260
_b
TİMAŞ YAYINLARI
999
_c
683729
_d
683729